Europäische Hauptstädte nach Buchstaben- L - Statistiken

Allgemein
  • Dieses Quiz wurde 128 mal gespielt
    116 seit der letzten Aktualisierung
  • Das Durchschnittsergebnis liegt bei 14 aus 16
Antwortstatistiken
Antwort % Korrekt
Lissabon
99%
London
98%
Berlin
92%
Ljubljana
89%
Luxemburg
89%
Helsinki
88%
Oslo
88%
Stockholm
88%
Vilnius
87%
Brüssel
86%
Dublin
86%
Tallinn
85%
Andorra la Vella
78%
Bratislava
78%
Belgrad
76%
Valletta
76%
Keine übereinstimmenden Quizze gefunden
Verteilung der Resultate
Anzahl Personen mit jedem Resultat
Perzentil nach korrekt beantworteten Fragen
Ihre Resultats-Entwicklung
Sie haben dieses Quiz seit der letzten Aktualisierung nicht gespielt